000 00418nam a22001457a 4500
020 _qHB.
040 _cFIZZA ISHAQ
082 _a813.54
_bALB
100 _aPAINE,BIGELOW ALBERT.
_9134345
245 _aMARK TWAIN'S AUTOBIOGRAPHY WITH AN INTRODUCTION /
_cALBERT BIGELOW PAINE.
250 _aVOLUME II
260 _aNEW YORK ;
_bHARPER & BROTHERS PUBLISHER,
_c1906.
300 _a365 P. ;
_c9.9X6.6IN
942 _2ddc
_cBK
999 _c617322
_d617322